ՀՀ Գիտությունների ազգային ակադեմիայի հիմնարար գիտական գրադարան  =   Fundamental Scientific Library of NAS RA

Семейства Rubiaceae - Compositae / (Record no. 59472)

MARC details
000 -LEADER
fixed length control field 01144nam a2200253 a 4500
001 - CONTROL NUMBER
control field 000173406
003 - CONTROL NUMBER IDENTIFIER
control field AM-YeHGA
005 - DATE AND TIME OF LATEST TRANSACTION
control field 20250617123453.0
008 - FIXED-LENGTH DATA ELEMENTS--GENERAL INFORMATION
fixed length control field 990310s1987 ru ||||gr|||||||||0|rus|d
040 ## - CATALOGING SOURCE
Original cataloging agency AM-YeHGA
041 0# - LANGUAGE CODE
Language code of text/sound track or separate title rus
090 ## - LOCALLY ASSIGNED LC-TYPE CALL NUMBER (OCLC); LOCAL CALL NUMBER (RLIN)
-- 60449
245 00 - TITLE STATEMENT
Title Семейства Rubiaceae - Compositae /
Statement of responsibility, etc. Сост. В.Н. Гладкова и др. ; Под ред. Б.А. Юрцева.
246 31 - VARYING FORM OF TITLE
Title proper/short title Rubiaceae - Compositae
260 ## - PUBLICATION, DISTRIBUTION, ETC.
Place of publication, distribution, etc. Л. :
Name of publisher, distributor, etc. Наука. Ленингр. отд-ние,
Date of publication, distribution, etc. 1987.
300 ## - PHYSICAL DESCRIPTION
Extent 410 с.
440 #0 - SERIES STATEMENT/ADDED ENTRY--TITLE
Title Арктическая флора СССР : Критический обзор сосудистых растений, встречающихся в арктических районах СССР
Volume/sequential designation Вып. 10
550 ## - ISSUING BODY NOTE
Issuing body note Щмуц. тит. л. АН СССР. Ботанический ин-т им. В.Л. Комарова АН СССР
650 14 - SUBJECT ADDED ENTRY--TOPICAL TERM
Topical term or geographic name entry element Растения - Арктика
700 1# - ADDED ENTRY--PERSONAL NAME
Personal name Коробков, А.А.
700 1# - ADDED ENTRY--PERSONAL NAME
Personal name Юрцев, Б.А.
Relator term ред.
Relationship edt
710 2# - ADDED ENTRY--CORPORATE NAME
Corporate name or jurisdiction name as entry element Ботанический институт им. В.Л. Комарова АН СССР
942 ## - ADDED ENTRY ELEMENTS (KOHA)
Source of classification or shelving scheme Universal Decimal Classification
Koha item type Գրքեր / Books
Holdings
Withdrawn status Lost status Damaged status Not for loan Collection Home library Current library Date acquired Total checkouts Full call number Barcode Date last seen Price effective from Koha item type Public note
        General Fundamental Scientific Library Fundamental Scientific Library 22/12/2016   PIII/56315 FL0408741 22/12/2016 22/12/2016 Գրքեր / Books 30 Days Loan


ՀՀ ԳԱԱ հիմնարար գիտական գրադարան
ՀՀ,Երևան 0019
Մարշալ Բաղրամյան 24/6
հեռախոս:(374-10) 52-47-50
Հետադարձ կապ

All site content, except where otherwise noted, is licensed under a
Creative Commons License